000
00293nam a22001217a 4500
008
160503b xxu||||| |||| 00| 0 eng d
020
_a
9780131999329
020
_a
013199932
041
_a
eng
080
_a
61
245
_a
Administrativ medical assisting:
_c
Christine Malone;
942
_2
udc
_c
BK
999
_c
1726
_d
1726